Os segredos da Aldeia do Mosteiro (Registo nº 2255)

Detalhes MARC
000 -Etiqueta do registo
Cabeçalho 00920nam a22002891 4500
005 - Identificador da versão
Campo de controlo 20240813121929.0
095 ## -
-- PTBN00254076
010 ## - Número internacional normalizado dos livros (ISBN)
Número (ISBN) 9721029610
021 ## - Número do Depósito Legal
Código do país PT
Número 35493/90
100 ## - Dados gerais de processamento
Dados gerais de processamento 19980929d1990 da y0pory5003 ba
102 ## - Pais de publicação ou produção
País de publicação Portugal
101 0# - Língua de publicação
Língua do texto, banda sonora, etc. Português
106 ## - Campo de dados codificados: material textual
Dados codificados do material textual r
105 ## - Campo de dados codificados: livros
Dados codificados dos livros a z 000ay
215 ## - Descrição física 
Indicação específica da natureza do documento e extensão da espécie 111 p.
Outras indicações físicas il.
Dimensões 18 cm
200 1# - Titulo e menção de responsabilidade
Título próprio Os segredos da Aldeia do Mosteiro
Primeira menção de responsabilidade Maria da Conceição Coelho, Maria Cabral de Mendonça
Outras menções de responsabilidade il. Maria Cabral de Mendonça
225 2# - Colecção 
Título próprio da colecção Chiu! que estou a ler
Indicação de volume 2
210 ## - Publicação, Distribuição, etc. 
Lugar da edição, distribuição, etc. Mem Martins
Nome do editor, distribuidor, etc. Europa América
Data da publicação, distribuição, etc. cop. 1990
606 ## - Nome comum usado como assunto
Número de registo de entrada de autoridade 0001020
Palavra de ordem Literatura portuguesa infanto-juvenil
Subdivisão de assunto Romance de aventuras
675 ## - Classificação Decimal Universal (CDU)
Notação 821.134.3-311.3
Edição
Língua da edição por
701 #1 - Nome de autor-pessoa física (co-responsabilidade principal)
Palavra de ordem Mendonça
Outra parte do nome não tomada para palavra de ordem Maria Cabral de
Código de função Autor / Co-autor
700 #1 - Nome de autor-pessoa física (responsabilidade principal)
Número de registo de entrada de autoridade 0001084
Palavra de ordem Coelho
Outra parte do nome não tomada para palavra de ordem Maria da Conceição
942 ## - Elementos de entrada adicionados (Koha)
Tipo de item no Koha Livro
Exemplares
Situação do levantamento Origin of item (home branch) (coded) Biblioteca de empréstimo Código de barras Cota Circulation type (not for loan) Tipo de documento Nota do exemplar Damaged status
  Biblioteca Escolar da Coca Maravilhas Biblioteca Escolar da Coca Maravilhas BECM3543/98 8POR COE   Livro Sem mensagem